1483 1052 1416 1580 1433 1431 1722 1393 1809 1657 1049 1895 1207 1617 1014 1580 1320 1049 1106 1994 1507 1373 1897 1459 1581 1150 1952 1575 1502 1952 1232 1014 1165 1288 1693 1811 1707 1430 1951 1309 1005 1160 1504 1117 1926 1522 1601 1711 1601 1036 1281 1494 1031 1591 1814 1512 1358 1777 1407 1869 1963 1491 1928 1329 1201 1822 1213 1470 1241 1225 1960 1875 1410 1181 1546 1149 1440 1071 1843 1897 1767 1526 1034 1223 1055 1330 1185 1333 1857 1412 1564 1911 1201 1372 1383 1087 1987 1128 1610 BCNSPRNW ULIB Ver.6.0+V

เปลี่ยนเป็นภาษาไทย

Change to English
 แสดงรายละเอียดบรรณานุกรม
  กลับหน้าหลัก

Brief Record : Get Marc (ISO 2709) : E-mail record : QR code < ปิดหน้าต่าง
LEADER : 00000nam 2200000uu 4500
001    13399123959
003     ULIB
008    141215s2556||||th 000 0 tha d
020    ^a9789744226914
060 04 ^aWI750^bห459
110 1  กรมการแพทย์.^bโรงพยาบาลราชวิถี.^bกลุ่มงานศัลยศาสตร์.^bงานศัลยศาสตร์ทั่วไป.^bศูนย์ส่องกล้องทางเดินอาหาร.
245 00 ^aหัตถการการส่องกล้องระบบทางเดินน้ำดีและตับอ่อน =^bPractical ERCP /^c[บรรณาธิการ] สุกิจ พันธุ์พิมานมาศ, ทวี รัตนชูเอก
246 31 ^aPractical ERCP
250    ^aพิมพ์ครั้งที่ 1
260    ^aกรุงเทพฯ :^bกรุงเทพเวชสาร,^c2556
300    ^aก-ง, 108 หน้า :^bภาพประกอบสี ;^c25 ซม.
650  2 ^aCholangiopancreatography, Endoscopic Retrograde
650  4 ^aทางเดินน้ำดี^xศัลยกรรมส่องกล้อง
650  4 ^aตับอ่อน^xศัลยกรรมส่องกล้อง
650  4 ^aการส่องกล้อง
650  4 ^aศัลยกรรมส่องกล้อง
700 0  ^aสุกิจ พันธุ์พิมานมาศ,^eบรรณาธิการ
700 0  ^aทวี รัตนชูเอก,^eบรรณาธิการ
945    ^p600^l0^i22783
945    ^p600^l0^i22784
999    ^aทศพร เกษรทอง
รายการนี้ยังไม่มีแท็ก
คุณยังไม่ได้ล็อกอิน คุณสามารถมีกิจกรรมร่วมกับเว็บไซต์ได้ แต่ต้องล็อกอินก่อน ::
  ล็อกอิน

รายการสื่อสารสนเทศ

ลำดับที่ ประเภท เลขเรียก/บาร์โค้ด สถานที่ สถานะ
1. วิทยาศาสตร์การแพทย์ และสุขภาพ
วิทยาศาสตร์การแพทย์ และสุขภาพ
สถานะ=หนังสือเก่า
WI750 ห459 ฉ.1 
  Barcode: 22783
ห้องสมุดวิทยาเขตนครสวรรค์
►ส่วนจัดเก็บหนังสือเก่า นว.
บนชั้น
  ขอยืม
2. วิทยาศาสตร์การแพทย์ และสุขภาพ
วิทยาศาสตร์การแพทย์ และสุขภาพ
สถานะ=หนังสือเก่า
WI750 ห459 ฉ.2 
  Barcode: 22784
ห้องสมุดวิทยาเขตนครสวรรค์
►ส่วนจัดเก็บหนังสือเก่า นว.
บนชั้น
  ขอยืม

รายการใกล้เคียง
    หัวเรื่อง [Cholangiopancreatography, Endoscopic Retrograde]
    หัวเรื่อง [การส่องกล้อง]
    หัวเรื่อง [ศัลยกรรมส่องกล้อง]

BibComment


ยังไม่เคยถูกคอมเมนท์

คอมเมนท์ทรัพยากรรายการนี้
  คอมเมนท์: หัตถการการส่องกล..


 Copyright 2026. Bcnsprnw @Library